000 00568nam a2200205Ia 4500
001 15031
003 GE_BSU
008 181216s||||||||xx |||||||||||||| ||und||
040 _cGE_BSU
080 _a511.2
100 _aВейль,Герман
245 _aАлгебраическая теория чисел
245 _cПер. с англ. Л.И.Копейкиной
260 _aМосква
260 _bГосиздат
260 _c1947
300 _a226стр.22см.
653 _aАлгебраическая теория чисел
942 _cBK
999 _c48149
_d48149